1563 1846 1526 1511 1020 1249 1714 1695 1398 1951 1490 1395 1188 1391 1415 1264 1992 1622 1018 1473 1317 1349 1444 1777 1151 1099 1229 1295 1071 1887 1902 1463 1261 1410 1219 1318 1606 1566 1712 1892 1069 1506 1485 1717 1487 1041 1755 1281 1591 1295 1575 1346 1282 1230 1255 1858 1113 1625 1165 1154 1945 1040 1702 1716 1012 1103 1626 1769 1362 1903 1121 1944 1124 1833 1910 1942 1183 1554 1303 1177 1281 1904 1730 1815 1671 1710 1478 1026 1221 1892 1846 1985 1816 1914 1808 1436 1372 1997 1011 BCNSPRNW ULIB Ver.6.0+V

เปลี่ยนเป็นภาษาไทย

Change to English
 แสดงรายละเอียดบรรณานุกรม
  กลับหน้าหลัก

Brief Record : Get Marc (ISO 2709) : E-mail record : QR code < ปิดหน้าต่าง
LEADER : 00000nam 2200000uu 4500
001    13399125647
003     ULIB
008    170713s2559||||th 000 0 tha d
020    ^a9786161812331
060  4  ^aWO500^bบ969
245  0  ^aไบเบิลศัลยกรรมเกาหลี /^cThe Grand Plastic Surgery, เขียน ; อภิศรี, แปล.
250    ^aพิมพ์ครั้งที่ 1.
260    ^aกรุงเทพฯ :^bอมรินทร์เฮลท์,^c2559.
300    ^a185 หน้า :^bภาพประกอบ ;^c22 ซม.
490    ^aชุดความงาม ;^vลำดับที่ 47
650    ^aสตรี^xความงาม.
650    ^aสุขภาพกับความงาม.
650    ^aศัลยกรรมตกแต่ง.
700  0  ^aอภิศรี,^eผู้แปล.
945    ^p365^l0^i002627
999    ^aประนอม เกษจรัล
รายการนี้ยังไม่มีแท็ก
คุณยังไม่ได้ล็อกอิน คุณสามารถมีกิจกรรมร่วมกับเว็บไซต์ได้ แต่ต้องล็อกอินก่อน ::
  ล็อกอิน

รายการสื่อสารสนเทศ

ลำดับที่ ประเภท เลขเรียก/บาร์โค้ด สถานที่ สถานะ
1. วิทยาศาสตร์การแพทย์ และสุขภาพ
วิทยาศาสตร์การแพทย์ และสุขภาพ
WO500 บ969 ฉ.1 
  Barcode: 002627
ห้องสมุดวิทยาเขตสวรรค์ประชารักษ์
►ส่วนจัดเก็บหนังสือเก่า สปร
บนชั้น
  ขอยืม

รายการใกล้เคียง
    หัวเรื่อง [สุขภาพกับความงาม.]
    หัวเรื่อง [ศัลยกรรมตกแต่ง.]

BibComment


ยังไม่เคยถูกคอมเมนท์

คอมเมนท์ทรัพยากรรายการนี้
  คอมเมนท์: ไบเบิลศัลยกรรมเ..


 Copyright 2026. Bcnsprnw @Library